paroles -what makes you beautiful - Statistiques

Statistiques générales
  • Ce quiz a été pris 98 fois
  • Le résultat moyen est 309 sur 384
Statistiques - réponses
Hint Réponse % Correct
what
100%
you
100%
You
100%
don't
97%
Don't
97%
I
97%
your
97%
in
95%
beautifu
93%
know
93%
the
93%
The
93%
to
93%
To
93%
| . You're
93%
you're
93%
a
91%
up
91%
for
90%
insecure
90%
that
90%
beautiful
88%
else
88%
like
88%
nobody
88%
see
88%
Baby
86%
cover
86%
light
86%
makes
86%
my
86%
way
84%
but
83%
But
83%
can
83%
it
81%
room
81%
smile
81%
world
81%
Everyone
79%
makeup
79%
need
79%
oh
79%
when
79%
is
78%
are
76%
me
76%
enough
72%
flip
72%
at
71%
ground
71%
hair
71%
tell
71%
door
69%
so
69%
So
69%
That's
69%
Being
67%
being
67%
on
67%
turn
66%
look
64%
walk
64%
why
64%
hard
62%
and
60%
And
60%
gets
60%
can't
59%
I'm
59%
eyes
57%
overwhelmed
57%
through
57%
want
57%
believe
55%
come
55%
shy
55%
turning
55%
got
53%
If
52%
only
52%
Right
52%
right
52%
lookin'
50%
now
50%
understand
50%
wrong
50%
heads
48%
saw
48%
You'll
48%
into
47%
desperately
45%
prove
45%
put
40%
song
38%
ain't
34%
away
31%
at you
22%
Aucun quiz correspondant
Distribution des résultats
% des personnes avec chaque résultat
Percentile par nombre de réponses
Votre historique - résultats
Vous n’avez pas pris ce quiz